000 00343nam a2200133Ia 4500
008 230724s2007 xx und d
020 _a713645210
041 _aeng
082 _a666.3
100 _aJANE PERRYMAN
245 _aTRADITIONAL POTTERY OF INDIA
260 _bAMERICAN SOCIETY OF HEALTH-SYSTEM PHARMACISTS
_c2007
300 _a216
999 _c1176532
_d1176532